Vzdelávacie aktivity v konkrétnej firme

Charakteristika zľavových portálov a spoločnosti ZľavaDňa, s.r.o. Najčastejší respondenti nakupujúci zľavy. Analýza konkurencie. Charakteristika vzdelávania a vzdelávacích aktivít. Prieskum zameraný na zistenie spokojnosti a kvality vzdelávacích aktivít vo firmách. Vyhodnotenie jednotlivých otázok....

Description complète

Enregistré dans:
Détails bibliographiques
Auteur principal: Nekolová, Veronika, 1984-
Autres auteurs: Hodosyová, Marcela
Format: Chapitre de livre
Langue:slovaque
Sujets:
Tags: Ajouter un tag
Pas de tags, Soyez le premier à ajouter un tag!

MARC

LEADER 00000naa$a2200000$$$4500
001 0249429
005 20240502074004.5
041 0 |a slo 
044 |a SK 
245 1 0 |a Vzdelávacie aktivity v konkrétnej firme  |c Veronika Nekolová, Marcela Hodosyová 
520 |a Charakteristika zľavových portálov a spoločnosti ZľavaDňa, s.r.o. Najčastejší respondenti nakupujúci zľavy. Analýza konkurencie. Charakteristika vzdelávania a vzdelávacích aktivít. Prieskum zameraný na zistenie spokojnosti a kvality vzdelávacích aktivít vo firmách. Vyhodnotenie jednotlivých otázok. Spokojnosť so vzdelávacími aktivitami vo firme. Návrh riešení pre vzdelávanie zamestnancov. Získanie potenciálnych zamestnancov prostredníctvom vzdelávacích aktivít. 
610 2 0 |a vzdelávanie 
610 2 0 |a zamestnanci 
610 2 0 |a zamestnávatelia 
610 2 0 |a firmy 
610 2 0 |a stránky webové 
610 2 0 |a obchod 
610 2 0 |a kvalita vzdelávania 
100 1 |a Nekolová, Veronika, 1984- 
700 1 |a Hodosyová, Marcela